The rose of Tibet

Novela de aventura que relata la historia de Charles Houston, un profesor de ingles, que realiza un viaje ilegal al Tíbet al descubrir la posible supervivencia de su hermano desaparecido. Allí, con la compañía del joven Sherpa Ringling, se embarca en una aventura que le hará replantearse muchas cosa...

Deskribapen osoa

Gorde:
Xehetasun bibliografikoak
Egile nagusia: Davidson, Lionel
Formatua: Liburua
Hizkuntza:Undetermined
Argitaratua: Londres, Inglaterra The Companion Book Club 1962
Gaiak:
Etiketak: Etiketa erantsi
Etiketarik gabe, Izan zaitez lehena erregistro honi etiketa jartzen!

MARC

LEADER 00000nam a2200000Ia 4500
008 170316s9999 xx 000 0 und d
040 |a cru BVZT 
090 |a 820 D-1r 
100 |a Davidson, Lionel 
245 4 |a The rose of Tibet 
260 |a Londres, Inglaterra 
260 |b The Companion Book Club 
260 |c 1962 
300 |a 320 páginas 
520 |a Novela de aventura que relata la historia de Charles Houston, un profesor de ingles, que realiza un viaje ilegal al Tíbet al descubrir la posible supervivencia de su hermano desaparecido. Allí, con la compañía del joven Sherpa Ringling, se embarca en una aventura que le hará replantearse muchas cosas en especial cuando profecías, amor, traiciones y secretos lo esperan al final de este. 
650 |a LITERATURA INGLESA  |9 12 
650 |a NOVELA  |9 13 
999 |c 6844  |d 6844 
942 |c 15 D  |h 820 D-1r  |2 z